Perfume de mujer bonita y otros cuentos (Registro nro. 3076)

Detalles MARC
000 -Cabecera
Campo de control de longitud fija 00982aam a2200241 4500
005 - Fecha y hora de la última transacción
Campo de control 20260518165439.0
008 - Elementos de longitud fija--Información general
Campo de control de longitud fija 150625b2001 xxu||||| |||| 00| 0 spa d
020 ## - International Standard Book Number
Número Internacional Estándar del Libro (ISBN) 996831143X
041 ## - Idioma
Código de idioma Español
082 ## - Clasificación Decimal Dewey
Número de clasificación CR 863.44 F363p
100 ## - Entrada principal--Autor personal
Nombre personal Fernández Leandro, Jaime
9 (RLIN) 26303
245 ## - Título propiamente dicho
Título Perfume de mujer bonita y otros cuentos
260 ## - Pie de imprenta
Lugar de publicación, distribución, etc. Costa Rica
260 ## - Pie de imprenta
Nombre del editor, distribuidor, etc. EUNED
260 ## - Pie de imprenta
Fecha de publicación, distribución, etc. 2001
300 ## - Descripción física
Extensión 105 páginas
490 ## - Serie
Título de la Serie Temática General
505 ## - Nota de contenido
Nota de contenido Contenido: Hasta que la muerte los separe; El café de las nueve y treinta; Perfume de mujer bonita; Aguacero y luna; El encanto de la mujer madura; Teléfono celular; Hotel asfalto; Maldito triángulo; El casino; Club Le Grillón; Yocasta en el Quisqueya; Entrega total; El aguinaldo; Tacones altos en noche lluviosa; En una noche de sábado con merengue; La vida eterna.
650 ## - Materia general
Temática (materia general) TEMÁTICA GENERAL
650 ## - Materia general
Temática (materia general) LITERATURA COSTARRICENSE
650 ## - Materia general
Temática (materia general) CUENTOS COSTARRICENSES
942 ## - Punto de acceso adicional KOHA
Tipo de ítem KOHA Literatura
Fuente del sistema de clasificación o colocación Dewey Decimal Classification
Existencias
Signatura completa Código de barras Programa Académico Tipo de ítem
CR 863.44 F363p 17852 Temática General Literatura